000 01558nam a2200349 a 4500
001 ebr10495619
003 CaPaEBR
006 m u
007 cr cn|||||||||
008 091209s2010 vaua sb 001 0 eng d
010 _z 2009048790
020 _z9780813929477 (cloth : alk. paper)
020 _z0813929474 (cloth : alk. paper)
020 _z0813929954 (e-book)
020 _z9780813929958 (e-book)
040 _aCaPaEBR
_cCaPaEBR
035 _a(OCoLC)759159947
050 1 4 _aQL85
_b.B43 2010eb
082 0 4 _a590
_222
245 0 0 _aBeastly natures
_h[electronic resource] :
_banimals, humans, and the study of history /
_cedited by Dorothee Brantz.
260 _aCharlottesville :
_bUniversity of Virginia Press,
_c2010.
300 _a296 p. :
_bill.
504 _aIncludes bibliographical references and index.
505 0 _apt. 1. An anthropological history of animals and the environment -- pt. 2. Acculturating wild creatures -- pt. 3. Animals in the service of society -- pt. 4. Animating the city and the countryside.
533 _aElectronic reproduction.
_bPalo Alto, Calif. :
_cebrary,
_d2011.
_nAvailable via World Wide Web.
_nAccess may be limited to ebrary affiliated libraries.
650 0 _aHuman-animal relationships
_xHistory.
650 0 _aAnimals
_xSocial aspects
_xHistory.
655 7 _aElectronic books.
_2local
700 1 _aBrantz, Dorothee.
710 2 _aebrary, Inc.
856 4 0 _uhttp://site.ebrary.com/lib/rucke/Doc?id=10495619
_zAn electronic book accessible through the World Wide Web; click to view
999 _c130692
_d130692